00705nam a2200229 a 4500001001000000005001700010008004100027041000800068044000700076050002200083100004200105245006000147260003100207300001900238500000800257650003100265700003200296902000800328942001100336999001500347952011300362BRCA_623520190320205400.0200711s----1919gw-#######---#000-0#ger-# ager agw 4aPQ2349b.Y84 19191 aMaupassant, Guy ded1850-1893.91566110aYvettecGuy de Maupassant; Einleitung von Heinz Tovote. aBerlínbDr. Eyslerc1919 a192 p.c20 cm. aK9414aLiteratura francesa9156621 aTovote, Heinzeintr.915663 aGFM 2lcccB c5922d5922 00104070aBRCAbBRCAd2011-07-20iK94l0oPQ2349 .Y84 1919 (K94)p6674r2019-03-22 00:00:00w2019-03-22yB